Statistics for Sacrifice - The Weeknd Lyrics

Click here to take the quiz!

General Stats

  • This quiz has been taken 84 times
  • The average score is 207 of 236

Answer Stats

HintLyrics% Correct
I,
100%
Chorus | Chorus2x | Outro | +3 othersI
100%
a
98%
was
98%
in
97%
sacrifice
97%
born
95%
city
95%
Don't
95%
don't
95%
me
95%
the
95%
The
95%
you
95%
always
94%
For
94%
for
94%
My,
94%
my
94%
never
94%
when
94%
When
94%
your
94%
Your
94%
but
92%
But
92%
ever
92%
love,
92%
love
92%
night
92%
sleep
92%
to
92%
try
92%
Where
92%
wanna
90%
wanna,
90%
down
89%
life
89%
time
89%
time,
89%
with
89%
can
87%
And
85%
and
85%
Can't
85%
feel
85%
BridgeOh,
85%
oh
85%
So
85%
every
84%
fix
84%
nights
84%
up
84%
winter
84%
fight
82%
find
82%
know
82%
more
82%
of
82%
that
82%
we
82%
be
81%
I'll
81%
miss
81%
out
81%
this
81%
Yeah,
81%
'Cause
79%
'cause
79%
cry
79%
is
79%
leave,
79%
missing
79%
piece
79%
put
79%
say
79%
tie
79%
will
79%
are
77%
catchin'
77%
feelings
77%
like
77%
living
77%
worth
77%
end
76%
hold
76%
lie
76%
you'll
76%
it's
74%
still
74%
tell
74%
tried
74%
f*ck
73%
friends
73%
here
73%
2xooh
73%
baby
71%
hope
71%
bleed
69%
inside
69%
veins
69%
pick
68%
through
68%
ice
66%
life's
66%
sacrificed
65%
toughest
65%
break
63%
parts
58%
Verse2Uh,
44%

Score Distribution

Percentile by Number Answered

Percent of People with Each Score

Your Score History

You have not taken this quiz